Glee Member by Thank You to Mr. Schuester Quiz Stats

 Plays Quiz Updated Aug 16, 2012

Challenge
Share
Tweet
Embed
Score 0/12 Timer 02:00
1 Play Today
Quote Student % Correct
'I used to be captain of the Cheerios.'Quinn Fabray
96%
'I was tossing kids into Dumpsters.'Noah 'Puck' Puckerman
93.1%
'I was a closeted diva.'Mercedes Jones
88.9%
'I hated everyone in this club.'Santana Lopez
88.8%
'I had a stutter.'Tina Cohen Chang
87.8%
'I didn't-I didn't have a father. Someone I could look up to. Model myself after. Someone who could show me what it really meant to be a man.'Finn Hudson
87.3%
'So did I.'Brittany Pierce
84%
'And I was getting slushied.'Rachel Berry
83.1%
'I was afraid to dance outside of my room.'Mike Chang
82.6%
'I had never kissed a girl before.'Artie Abrams
81.5%
'I wasn't honest about who I was.'Kurt Hummel
80.9%
'In the beginning of this year, I was just another football player.'Matt Rutherford
47.9%

You're not logged in!

Compare scores with friends on all Sporcle quizzes.
Join for Free
OR
Log In

You Might Also Like...

Show Comments

Extras

Top Quizzes Today


Score Distribution

Your Account Isn't Verified!

In order to create a playlist on Sporcle, you need to verify the email address you used during registration. Go to your Sporcle Settings to finish the process.

Report this User

Report this user for behavior that violates our Community Guidelines.

Details: